Top 30 : Suprême NTM - Statistiques

Statistiques générales
  • Ce quiz a été pris 52 fois
  • Le résultat moyen est 11 sur 30
Statistiques - réponses
Top Titres Featuring % Correct
2 Ma Benz Lord Kossity
97%
3 Laisse pas traîner ton fils
81%
4 That's My People
77%
20 Touche pas à ma musique - That's My People Remix
77%
5 La fièvre
61%
22 Paris sous les bombes Lucien Papalu, Gregg Mann
52%
8 Pose ton Gun
48%
1 Sur le drapeau Sofiane
48%
6 Seine Saint-Denis Style
45%
7 Affirmative Action - Saint-Denis Style Remix Nas
42%
14 Qu'est-ce qu'on attend
39%
13 On est encore là, Pt. 1
35%
24 On est encore là, Pt. 2
35%
11 Aiguisé comme une lame Raggasonic
32%
15 Pass pass le oinj
29%
17 Police
29%
18 Respire
26%
12 Un ange dans le ciel - Live à Paris-Bercy 2008
26%
23 J'appuie sur la gâchette
23%
10 Tout n'est pas si facile
23%
16 Back dans les bacs
19%
29 Come Again (pour que ça sonne funk)
19%
30 IV My People - Live au Zénith de Paris 1998 Busta Flex, Lord Kossity, Zoxea
19%
25 Plus jamais ça Gregg Mann, Lucien Papalu
19%
9 C'est arrivé près d'chez toi Jaeyez
16%
28 Je vise juste
16%
19 Le monde de demain
16%
27 Hardcore sur le Beat
13%
21 Odeurs de soufre
10%
26 Interlude
6%
Aucun quiz correspondant
Distribution des résultats
% des personnes avec chaque résultat
Percentile par nombre de réponses
Votre historique - résultats
Vous n’avez pas pris ce quiz